| 000 | nam a22 7a 4500 | ||
|---|---|---|---|
| 999 |
_c44098 _d44098 |
||
| 003 | OSt | ||
| 005 | 20180502145344.0 | ||
| 008 | 180502b xxu||||| |||| 00| 0 eng d | ||
| 040 | _cIIMT UNIVERSITY MEERUT | ||
| 050 |
_a367.163JOS _b286 |
||
| 082 |
_22ND _a367.163JOS _b286 |
||
| 100 | _aJOSEPH.B | ||
| 245 |
_aENVIRONMENTAL STUDIES _cAUTHOR _hENGLISH |
||
| 250 | _a2ND | ||
| 260 |
_aDELHI _bTMH _c2009 |
||
| 300 |
_b2ND ED.347PP. _ePAPERBACK |
||
| 760 | _b2ND ED. | ||
| 856 | _3PAPERBACK | ||
| 942 |
_2ddc _c01 _e9TH _hTITLE _iBOOK _k371.63OJOS _m371.63OJOS |
||